Tribhuvan University Central Library

Shakuntal mahakabya (Record no. 102876)

MARC details
000 -LEADER
fixed length control field 00348nam a22001337a 4500
008 - FIXED-LENGTH DATA ELEMENTS--GENERAL INFORMATION
fixed length control field 220106b |||||||| |||| 00| 0 eng d
082 ## - DEWEY DECIMAL CLASSIFICATION NUMBER
Classification number N895.511/D899n
100 ## - MAIN ENTRY--PERSONAL NAME
Personal name Debkota, Laxmi Prasad
245 ## - TITLE STATEMENT
Title Shakuntal mahakabya
260 ## - PUBLICATION, DISTRIBUTION, ETC.
Place of publication, distribution, etc. Kathmandu:
Name of publisher, distributor, etc. Shajha prakashan,
Date of publication, distribution, etc. 2054
300 ## - PHYSICAL DESCRIPTION
Other physical details 370p.
650 ## - SUBJECT ADDED ENTRY--TOPICAL TERM
Topical term or geographic name entry element Nepali literature
942 ## - ADDED ENTRY ELEMENTS (KOHA)
Source of classification or shelving scheme Dewey Decimal Classification
Koha item type General Collections
Holdings
Withdrawn status Lost status Source of classification or shelving scheme Damaged status Not for loan Home library Current library Date acquired Total Checkouts Full call number Barcode Date due Date last seen Date last checked out Price effective from Koha item type
    Dewey Decimal Classification     Tribhuvan University Central Library Tribhuvan University Central Library 01/06/2022 8 N895.511/D899n 83993 08/24/2025 08/03/2025 08/03/2025 01/06/2022 General Collections